000 00472nmm a2200169Ia 4500
008 251105s9999||||xx |||||||||||||||||und||
020 _a9788477375043
041 _aspa
100 _aMontoliú Camps, Pedro
245 0 _aMadrid 1900
264 _a[Madrid, España] :
_bSílex Ediciones,
_c2011
300 _a200 páginas
490 _a--Sin colección
650 _aHistory of Europe: Spain
856 _uhttps://public.digitaliapublishing.com/a/12970
942 _cCF
999 _c85427
_d85427